Anciens et "nouveaux" territoires - Statistiques

Statistiques générales
  • Ce quiz a été pris 24 fois
  • Le résultat moyen est 20 sur 24
Statistiques - réponses
Indice Territoire % Correct
Ville ayant perdu 30% de sa population avec l'ouragan Katrina La Nouvelle-Orléans
100%
Plus grande ville des Etats-Unis New York
100%
"Capitale" de la région Centre-Val de Loire Orléans
100%
Cité anglaise, appelée Jorvik par les Vikings qui la conquirent York
100%
Trois pays en portent le nom, en Afrique Guinée
95%
Forme avec Guernesey les îles Anglo-Normandes Jersey
95%
Etat du nord-est des Etats-Unis, le plus densément peuplé du pays New Jersey
95%
Etat du sud-est australien, dans lequel se situe Sydney Nouvelle-Galles-du-Sud
95%
Deuxième plus grande île du monde, appartenant notamment à l'Indonésie Nouvelle-Guinée
95%
Pays plus petit, sur la même île Pays de Galles
95%
Pays des Maoris Nouvelle-Zélande
91%
Province hollandaise côtière et frontalière de la Belgique Zélande
91%
Ancien nom de l'Ecosse Calédonie
86%
Pays d'Amérique Centrale Mexique
86%
Etat des Etats-Unis traversé par la partie amont du Rio Grande Nouveau-Mexique
86%
Archipel des Kanaks Nouvelle-Calédonie
86%
Pays de William Wallace Ecosse
77%
Province canadienne de Halifax Nouvelle-Ecosse
77%
Comté de Southampton Hampshire
73%
Etat du nord-est des Etats-Unis, frontalier du Canada New Hampshire
73%
Royaume majeur de la péninsule ibérique médiévale Leon
64%
Etat du nord du Mexique, dont la capitale est Monterrey Nuevo Leon
64%
Deuxième plus grande ville de Basse-Saxe, après Hanovre Brunswick
59%
Seule province officiellement bilingue du Canada Nouveau-Brunswick
59%
Aucun quiz correspondant
Distribution des résultats
% des personnes avec chaque résultat
Percentile par nombre de réponses
Votre historique - résultats
Vous n’avez pas pris ce quiz